00713nas a2200229 4500001001300000003000900013005001700022007000300039008003400042040005400076041000900130072001300139100002100152100001600173245009500189650000800284650002100292650001500313650002700328650001200355773011600367BR2012007669BR-BrBNA20231205121320.0ta230509b bl.|||p| |||| 00| 00por d aBR-BrBNAbporcBiblioteca Nacional de Agricultura a(Pt) aE16; E701 aBragança, R.C.1 aBueno, N.P.1 aO ciclo pecuário no Brasil: uma análise usando a metodologia da dinâmica de sistemas aBOI aCADEIA PRODUTIVA aPECUÁRIA aPOLÍTICA ECONÔMICA aMERCADO0 tRevista de Economia e Agronegócio (Brazil)xISSN 1679-1614 g(May-Aug 2010), v. 8(2) p. 199-220wBR2012007669